[Event "FSV-ch 2015"]
[Site "Dortmund"]
[Date "2015.05.28"]
[Round "8.6"]
[White "Bommert, Christian"]
[Black "Schütz, Ralf"]
[Result "0-1"]
[WhiteElo "1734"]
[BlackElo "1764"]
[PlyCount "48"]
[EventDate "2015.??.??"]
[WhiteTeam "FSV"]
[BlackTeam "61515"]

1. f4 d5 2. Nf3 c5 3. g3 Nc6 4. Bg2 Bg4 5. O-O Nf6 6. d3 Qc8 7. c3 Bh3 8. Qe1
Bxg2 9. Kxg2 e6 10. e4 Be7 11. Na3 Qd7 12. Nc2 O-O-O 13. Ne5 Nxe5 14. fxe5 Ng4
15. d4 h5 16. Rxf7 Qe8 17. Rxg7 Qf8 18. Rxe7 Qxe7 19. exd5 h4 20. h3 hxg3 21.
Qxg3 Qh7 22. hxg4 Qxc2+ 23. Kf3 Rh1 24. Qg2 Rf8+ 0-1

[Event "FSV-ch 2015"]
[Site "Dortmund"]
[Date "2015.05.28"]
[Round "8.7"]
[White "Zabel, Reinhard"]
[Black "Dieckmann, Rudolf"]
[Result "1-0"]
[WhiteElo "1530"]
[BlackElo "1621"]
[PlyCount "47"]
[EventDate "2015.??.??"]
[WhiteTeam "DBB"]
[BlackTeam "FSV"]

1. e4 c5 2. c3 Nc6 3. d4 cxd4 4. cxd4 d5 5. e5 e6 6. Nf3 f6 7. Bf4 Bb4+ 8. Nc3
a6 9. a3 Ba5 10. Be2 b5 11. O-O Bc7 12. Rc1 Bb7 13. Re1 Nge7 14. Bd3 fxe5 15.
Nxe5 Nxe5 16. Bxe5 Bxe5 17. Qh5+ Kf8 18. Qxe5 Bc8 19. Re3 Ra7 20. Rf3+ Kg8 21.
Ne2 Ng6 22. Qb8 Nh4 23. Rxc8 Nxf3+ 24. gxf3 1-0

[Event "FSV-ch 2015"]
[Site "Dortmund"]
[Date "2015.05.28"]
[Round "8.8"]
[White "Tautz, Eugen"]
[Black "Rauschenbusch, Udo"]
[Result "0-1"]
[WhiteElo "1415"]
[BlackElo "1646"]
[PlyCount "78"]
[EventDate "2015.??.??"]
[WhiteTeam "FSV"]
[BlackTeam "FSV"]

1. c4 e5 2. Nc3 b5 3. cxb5 d5 4. e3 Bb7 5. d4 e4 6. g3 a6 7. bxa6 Bxa6 8. Bxa6
Rxa6 9. Nge2 Nf6 10. Nf4 g5 11. Nfe2 Nc6 12. a3 Nb4 13. O-O Qd7 14. Kg2 h5 15.
h3 h4 16. Rh1 Nd3 17. Qb3 Bb4 18. Bd2 Bxc3 19. Bxc3 Rb6 20. Qc2 Qf5 21. Ng1 O-O
22. Qe2 Rfb8 23. g4 Qd7 24. Qd2 Rxb2 25. Bxb2 Rxb2 26. Qxb2 Nxb2 27. Ne2 Nd3
28. a4 Nxg4 29. a5 Ngxf2 30. a6 Nxh1 31. a7 Nhf2 32. a8=Q+ Kg7 33. Ng1 Nxh3 34.
Nxh3 Qg4+ 35. Kf1 Qxh3+ 36. Ke2 Qf3+ 37. Kd2 Qf2+ 38. Kd1 Qe1+ 39. Kc2 Qe2+ 0-1

[Event "FSV-ch 2015"]
[Site "Dortmund"]
[Date "2015.05.28"]
[Round "8.9"]
[White "Zhang, Jingfu"]
[Black "Lüpke, Helmut"]
[Result "1-0"]
[WhiteElo "1623"]
[BlackElo "1434"]
[PlyCount "77"]
[EventDate "2015.??.??"]
[WhiteTeam "HNS"]
[BlackTeam "EWA"]

1. e4 c6 2. d4 d5 3. e5 Bf5 4. Nf3 e6 5. Be2 c5 6. Be3 Nc6 7. O-O Qb6 8. Nc3
cxd4 9. Bxd4 Nxd4 10. Nxd4 Ne7 11. Bb5+ Kd8 12. Nxf5 Nxf5 13. Bd3 Ne7 14. Qf3
Ke8 15. Na4 Qd4 16. Qe2 Nc6 17. Bb5 a6 18. Rfd1 Qa7 19. Bxc6+ bxc6 20. c4 Be7
21. cxd5 cxd5 22. Rac1 Kd7 23. Qf3 f6 24. exf6 gxf6 25. a3 a5 26. Qe2 Qa6 27.
Qg4 Qb7 28. Nc5+ Bxc5 29. Rxc5 Kd6 30. Rdc1 Rac8 31. b4 Rxc5 32. bxc5+ Kc6 33.
Qxe6+ Kc7 34. Qd6+ Kc8 35. c6 Qc7 36. Qxd5 Rd8 37. Qf5+ Kb8 38. Qb5+ Kc8 39.
Qa6+ 1-0

[Event "FSV-ch 2015"]
[Site "Dortmund"]
[Date "2015.05.29"]
[Round "8.10"]
[White "Reinacher, Detlev"]
[Black "Benke, Werner"]
[Result "1/2-1/2"]
[WhiteElo "1485"]
[BlackElo "1431"]
[PlyCount "93"]
[EventDate "2015.??.??"]
[WhiteTeam "HNS"]
[BlackTeam "HNS"]

1. e4 e6 2. d3 d5 3. Nd2 Nd7 4. g3 g6 5. Bg2 c6 6. Ngf3 Bg7 7. O-O Ne7 8. Re1
O-O 9. e5 c5 10. c3 Nc6 11. d4 f6 12. exf6 Qxf6 13. Nf1 cxd4 14. Nxd4 Nxd4 15.
Qxd4 Qxd4 16. cxd4 Nf6 17. Bh3 Ne4 18. Be3 Bd7 19. Rac1 Rac8 20. Bg2 Nd6 21.
Nd2 Nf5 22. Nb3 b6 23. Bh3 Nd6 24. Bf4 Nf5 25. Bxf5 exf5 26. Re7 Rxc1+ 27. Nxc1
Rf7 28. Rxf7 Kxf7 29. Be3 Ke6 30. f4 Bb5 31. b3 Bf8 32. a4 Ba6 33. Bd2 Ba3 34.
b4 Bc4 35. Kf2 a6 36. Ke3 Bxc1 37. Bxc1 Bb3 38. a5 bxa5 39. bxa5 Kd6 40. Ba3+
Kc6 41. Bc5 Kb5 42. Bb6 Kc4 43. h4 Ba2 44. Bc5 Kc3 45. Bb6 Bc4 46. Kf2 Kd3 47.
Bc5 1/2-1/2

[Event "FSV-ch 2015"]
[Site "Dortmund"]
[Date "2015.05.28"]
[Round "8.11"]
[White "Vogt, Christian"]
[Black "Winkler, Harald"]
[Result "1-0"]
[WhiteElo "1471"]
[BlackElo "1202"]
[PlyCount "143"]
[EventDate "2015.??.??"]
[WhiteTeam "HNS"]
[BlackTeam "FSV"]

1. d4 d6 2. Nf3 f5 3. e3 Nf6 4. Nbd2 g6 5. c3 Bg7 6. Qb3 b6 7. Bb5+ Bd7 8. Ng5
d5 9. Ne6 Qc8 10. Nxg7+ Kf7 11. Nxf5 Bxf5 12. Nf3 Kg7 13. Ne5 c6 14. Bd3 Bxd3
15. Nxd3 Nbd7 16. O-O Re8 17. c4 e6 18. Bd2 c5 19. dxc5 Nxc5 20. Nxc5 Qxc5 21.
cxd5 Qxd5 22. Qd1 Ne4 23. Bb4 Qxd1 24. Rfxd1 Rad8 25. f3 Nf6 26. e4 Kf7 27.
Rac1 Rc8 28. Kf2 Rxc1 29. Rxc1 Rd8 30. Rc7+ Rd7 31. Rc8 Ne8 32. Rb8 Rc7 33. Bc3
h5 34. a4 Rd7 35. h4 Nf6 36. Ke3 Rc7 37. Kf4 Ng8 38. Ke5 Rd7 39. a5 bxa5 40.
Bxa5 Ne7 41. Kf4 Nc6 42. Rb5 Nxa5 43. Rxa5 Rb7 44. g3 Kf6 45. e5+ Kf7 46. Kg5
Kg7 47. b4 Rc7 48. b5 Rb7 49. g4 hxg4 50. fxg4 Rf7 51. Ra6 Re7 52. h5 gxh5 53.
gxh5 Kf7 54. h6 Rb7 55. h7 Kg7 56. Rxe6 Kxh7 57. Kf6 Kg8 58. Re7 Rxb5 59. Rxa7
Rb6+ 60. e6 Rb8 61. Ke7 Kg7 62. Rd7 Kg6 63. Rd8 Rb6 64. Rf8 Kg7 65. Rf4 Rb7+
66. Kd8 Rb8+ 67. Kc7 Rb5 68. e7 Re5 69. Kd7 Rd5+ 70. Ke6 Rd1 71. e8=Q Re1+ 72.
Kd7 1-0

[Event "FSV-ch 2015"]
[Site "Dortmund"]
[Date "2015.05.28"]
[Round "8.12"]
[White "Heinz, Hans-Werner"]
[Black "Jentzsch, Werner W"]
[Result "0-1"]
[WhiteElo "1203"]
[BlackElo "1324"]
[PlyCount "42"]
[EventDate "2015.??.??"]
[WhiteTeam "61722"]
[BlackTeam "BRK"]

1. e4 e6 2. d4 d5 3. e5 Nc6 4. c3 Bd7 5. Nf3 Nge7 6. Ng5 Nf5 7. g3 Be7 8. Nf3
O-O 9. Bd3 f6 10. O-O fxe5 11. dxe5 Bc5 12. Bg5 Qe8 13. b4 Be7 14. Bf4 Nd8 15.
a3 Nf7 16. Qd2 N7h6 17. h3 Qh5 18. Ng5 Bxg5 19. Bxg5 Qxh3 20. Bxh6 Nxh6 21. Qe1
Ng4 0-1

[Event "FSV-ch 2015"]
[Site "Dortmund"]
[Date "2015.05.28"]
[Round "8.13"]
[White "Reker, Gerhard"]
[Black "Wangrin, Stefan A"]
[Result "0-1"]
[WhiteElo "848"]
[BlackElo "1160"]
[PlyCount "46"]
[EventDate "2015.??.??"]
[WhiteTeam "FSV"]
[BlackTeam "FSV"]

1. e4 e5 2. Nf3 Nc6 3. Bc4 Nd4 4. Nxd4 exd4 5. O-O Bd6 6. d3 Nh6 7. Re1 Bxh2+
8. Kxh2 Qh4+ 9. Kg1 Ng4 10. Qf3 Qh2+ 11. Kf1 Ne5 12. Qf5 d5 13. Qg5 dxc4 14.
Bf4 Qh1+ 15. Ke2 cxd3+ 16. Kd2 Nc4+ 17. Kd1 Nxb2+ 18. Kd2 Nc4+ 19. Kd1 dxc2+
20. Ke2 d3+ 21. Kxd3 Qxe1 22. Kxc2 Na3+ 23. Kb2 Qb4+ 0-1

[Event "FSV-ch 2015"]
[Site "Dortmund"]
[Date "2015.05.28"]
[Round "8.14"]
[White "Schlettig, Achim"]
[Black "Maffei, Hendrik"]
[Result "0-1"]
[WhiteElo "1202"]
[BlackElo "1247"]
[PlyCount "82"]
[EventDate "2015.??.??"]
[WhiteTeam "FSV"]
[BlackTeam "FSV"]

1. d4 e6 2. c4 Nf6 3. Nc3 d5 4. Nf3 c5 5. e3 Be7 6. cxd5 Nxd5 7. Bd2 Nc6 8. Be2
Qb6 9. Na4 Qc7 10. Nxc5 e5 11. Ne4 Nf6 12. Nxf6+ Bxf6 13. Bc3 O-O 14. Bd3 Bg4
15. Rc1 exd4 16. Bd2 Rad8 17. Qc2 g6 18. Be4 dxe3 19. Bxe3 Qa5+ 20. Nd2 Rfe8
21. a3 Bd4 22. O-O Bxe3 23. Nc4 Qc5 24. Nxe3 Qxc2 25. Bxc2 Be6 26. h3 Rd2 27.
Rfe1 a5 28. Ng4 Kg7 29. Ne3 Red8 30. Nd1 Nd4 31. Ne3 Ne2+ 32. Rxe2 Rxe2 33. Nd1
Rdd2 34. Ba4 b5 35. Bxb5 Re1+ 36. Kh2 Rdxd1 37. Rc2 Bb3 38. Rc3 a4 39. Bc4 Rd2
40. Bxb3 axb3 41. Rxb3 Rb1 0-1

[Event "FSV-ch 2015"]
[Site "Dortmund"]
[Date "2015.05.28"]
[Round "8.15"]
[White "Wickenfeld, Udo"]
[Black "Böckmann, Lieselotte"]
[Result "1-0"]
[WhiteElo "1371"]
[BlackElo "1068"]
[PlyCount "105"]
[EventDate "2015.??.??"]
[WhiteTeam "61701"]
[BlackTeam "FSV"]

1. d4 f5 2. Nf3 g6 3. e3 Bg7 4. c4 Nf6 5. Nc3 O-O 6. Bd3 d6 7. O-O c6 8. Qb3
Kh8 9. Ng5 Qe8 10. Re1 h6 11. Nf3 c5 12. Nb5 Na6 13. Be2 Rb8 14. Nxa7 Bd7 15.
Nb5 Qd8 16. Bd2 Ne4 17. Bc1 b6 18. a3 Be8 19. Nc3 Nc7 20. Nxe4 fxe4 21. Nd2 d5
22. Rf1 cxd4 23. cxd5 d3 24. Bg4 Nxd5 25. Nxe4 Bf7 26. Qxd3 h5 27. Bf3 Qc8 28.
Rb1 Rd8 29. Qe2 Nf6 30. b3 Nxe4 31. Bxe4 b5 32. Bb2 Rb6 33. Bxg7+ Kxg7 34. Qb2+
Kg8 35. Rbc1 Qd7 36. Bf3 Rd6 37. Qb1 Qe6 38. Rcd1 Rxd1 39. Rxd1 Rc8 40. Bd5 Qf6
41. Bxf7+ Kxf7 42. h3 Rc5 43. b4 Rf5 44. Qb3+ Kg7 45. Rf1 h4 46. Qd3 Qg5 47.
Qd4+ Re5 48. f4 Qg3 49. Qxe5+ Kf7 50. Qd5+ Ke8 51. Qg8+ Kd7 52. Rd1+ Kc7 53.
Qd8+ 1-0

[Event "FSV-ch 2015"]
[Site "Dortmund"]
[Date "2015.05.28"]
[Round "8.16"]
[White "Pauli, Helmut"]
[Black "Wenzel, Jakoba"]
[Result "1-0"]
[WhiteElo "1203"]
[BlackElo "1176"]
[PlyCount "47"]
[EventDate "2015.??.??"]
[WhiteTeam "FSV"]
[BlackTeam "FSV"]

1. d4 Nf6 2. Nf3 d5 3. Bg5 e6 4. c3 Nbd7 5. e3 c5 6. Nbd2 Be7 7. Bb5 O-O 8.
Bxd7 Nxd7 9. Bxe7 Qxe7 10. O-O b6 11. h3 Ba6 12. Re1 Nf6 13. Ne5 Rac8 14. c4
Rfd8 15. b3 Bb7 16. Rc1 Ne8 17. cxd5 Bxd5 18. Ndf3 Be4 19. Qe2 f6 20. Ng4 Rd5
21. Nd2 Nd6 22. dxc5 Bd3 23. cxd6 Rxc1 24. dxe7 1-0

[Event "FSV-ch 2015"]
[Site "Dortmund"]
[Date "2015.06.18"]
[Round "9.3"]
[White "Lauche, Christoph"]
[Black "Mokros, Jürgen"]
[Result "1-0"]
[WhiteElo "1914"]
[BlackElo "1555"]
[PlyCount "49"]
[EventDate "2015.??.??"]
[WhiteTeam "FSV"]
[BlackTeam "FSV"]

1. e4 e6 2. d4 d5 3. Nc3 Nf6 4. Bg5 Bb4 5. e5 h6 6. Bd2 Bxc3 7. bxc3 Ne4 8. Qg4
Nxd2 9. Qxg7 Rf8 10. Kxd2 Qg5+ 11. Qxg5 hxg5 12. h4 gxh4 13. Rxh4 c5 14. Nh3
Nc6 15. Ng5 Ke7 16. Be2 cxd4 17. cxd4 Bd7 18. c3 a6 19. Rh7 Nd8 20. Rah1 b5 21.
Rg7 Be8 22. f4 Rc8 23. g4 Rc6 24. f5 Kd7 25. Nh7 1-0

[Event "FSV-ch 2015"]
[Site "Dortmund"]
[Date "2015.06.18"]
[Round "9.4"]
[White "Schütz, Ralf"]
[Black "Begna, Bozidar"]
[Result "1/2-1/2"]
[WhiteElo "1764"]
[BlackElo "1900"]
[Annotator "Schulenburg,Pit"]
[PlyCount "68"]
[EventDate "2015.??.??"]
[WhiteTeam "61515"]
[BlackTeam "HNS"]

1. e4 d6 2. d4 Nf6 3. Nc3 e5 4. Nf3 Nbd7 5. Bc4 Be7 6. O-O O-O 7. a4 c6 8. a5
Qc7 9. h3 b5 10. axb6 Nxb6 11. Bd3 Bd7 12. b3 Rfe8 13. dxe5 dxe5 14. Ba3 Nh5
15. Bxe7 Rxe7 16. Re1 Nf4 17. Re3 Qd6 18. Nh2 Be6 19. Bf1 Qc5 20. Ra6 Rc7 21.
Qa1 Bc8 22. Ra5 Qd4 23. Nf3 Qd6 24. Rxe5 Be6 25. Ne2 Ng6 26. Rg5 f6 27. Rg3 Re8
28. Qd4 Qe7 29. e5 c5 30. Qa1 f5 31. Rd3 f4 32. Rxg6 hxg6 33. Nxf4 Bf5 34. Rd2
g5 {(=)} 1/2-1/2

[Event "FSV-ch 2015"]
[Site "Dortmund"]
[Date "2015.06.18"]
[Round "9.5"]
[White "Zabel, Reinhard"]
[Black "Melmer, Felix"]
[Result "0-1"]
[WhiteElo "1526"]
[BlackElo "1874"]
[PlyCount "38"]
[EventDate "2015.??.??"]
[WhiteTeam "DBB"]
[BlackTeam "61117"]

1. d4 f5 2. Nf3 Nf6 3. c4 e6 4. Bg5 h6 5. Bd2 d5 6. e3 c6 7. Nc3 Bd6 8. c5 Bc7
9. b4 Nbd7 10. Bd3 Ne4 11. Rb1 O-O 12. a4 e5 13. dxe5 Nxe5 14. Nxe5 Bxe5 15.
Nxe4 fxe4 16. Be2 Qg5 17. g3 Qf6 18. f4 exf3 19. Bf1 f2+ 0-1

[Event "FSV-ch 2015"]
[Site "Dortmund"]
[Date "2015.06.18"]
[Round "9.6"]
[White "Rauschenbusch, Udo"]
[Black "Zhang, Jingfu"]
[Result "1/2-1/2"]
[WhiteElo "1646"]
[BlackElo "1623"]
[Annotator "Schulenburg,Pit"]
[PlyCount "49"]
[EventDate "2015.??.??"]
[WhiteTeam "FSV"]
[BlackTeam "HNS"]

1. b3 e5 2. Bb2 Nc6 3. e3 Nf6 4. Bb5 Bd6 5. Na3 Na5 6. Be2 O-O 7. Nf3 Re8 8. c4
Nc6 9. O-O Bf8 10. d4 exd4 11. Nxd4 Nxd4 12. Qxd4 c5 13. Qd3 a6 14. Bf3 d6 15.
Rad1 Rb8 16. Rd2 Bd7 17. Rfd1 Bc6 18. Bxc6 bxc6 19. f3 Re6 20. e4 Qe7 21. Nc2
g6 22. Ne3 Bh6 23. Re2 Re8 24. Bxf6 Bxe3+ 25. Rxe3 {(=)} 1/2-1/2

[Event "FSV-ch 2015"]
[Site "Dortmund"]
[Date "2015.06.18"]
[Round "9.7"]
[White "Dieckmann, Rudolf"]
[Black "Vogt, Christian"]
[Result "1-0"]
[WhiteElo "1621"]
[BlackElo "1471"]
[PlyCount "115"]
[EventDate "2015.??.??"]
[WhiteTeam "FSV"]
[BlackTeam "HNS"]

1. d4 f5 2. c4 e6 3. Nc3 Nf6 4. a3 a5 5. g3 c6 6. Bg2 d5 7. cxd5 exd5 8. Nf3
Be7 9. O-O O-O 10. Qb3 Kh8 11. Ne5 Ne4 12. f3 Nd6 13. Qc2 Nd7 14. Nd3 Bf6 15.
Nf4 Qe8 16. e3 Rg8 17. h4 g5 18. hxg5 Bxg5 19. Nce2 Nf6 20. Kf2 Bd7 21. b3 Qe7
22. Bd2 Rae8 23. Rh1 b6 24. Rh2 Kg7 25. Rah1 Rh8 26. Qd3 Ng4+ 27. fxg4 Ne4+ 28.
Bxe4 fxe4 29. Qc2 Qxa3 30. Nh5+ Kg8 31. Nef4 Qd6 32. Rc1 Bd8 33. Qd1 Bc7 34. g5
Bd8 35. Nf6+ Bxf6 36. gxf6 Qxf6 37. Qh5 Re7 38. Rch1 Be8 39. Qe2 h6 40. Qa6 Qg7
41. Qxb6 Qg4 42. Qxa5 Qf3+ 43. Ke1 Rhh7 44. Rf1 Qxg3+ 45. Rhf2 Ra7 46. Qc3 Kh8
47. Kd1 Qg4+ 48. Kc2 Ra2+ 49. Kb1 Rha7 50. Rg2 Qd7 51. Rfg1 Bf7 52. Ng6+ Bxg6
53. Rxg6 Ra1+ 54. Qxa1 Rxa1+ 55. Kxa1 Kh7 56. Bb4 h5 57. Bf8 Qa7+ 58. Kb2 1-0

[Event "FSV-ch 2015"]
[Site "Dortmund"]
[Date "2015.06.18"]
[Round "9.8"]
[White "Benke, Werner"]
[Black "Bommert, Christian"]
[Result "0-1"]
[WhiteElo "1431"]
[BlackElo "1734"]
[PlyCount "88"]
[EventDate "2015.??.??"]
[WhiteTeam "HNS"]
[BlackTeam "FSV"]

1. d4 f5 2. Nf3 Nf6 3. e3 g6 4. Bd3 Bg7 5. Nbd2 d6 6. O-O O-O 7. Re1 Nc6 8. c3
e5 9. Bc4+ Kh8 10. Ng5 d5 11. dxe5 Nxe5 12. Be2 Ne4 13. Ngf3 Ng4 14. Rf1 c6 15.
h3 Nh6 16. Qc2 g5 17. Nxe4 fxe4 18. Nh2 Nf5 19. Bg4 Nh4 20. Qe2 Qc7 21. Bxc8
Raxc8 22. c4 Ng6 23. Rb1 Ne5 24. cxd5 cxd5 25. b3 Nd3 26. Ba3 Rf7 27. f3 Qc2
28. Qxc2 Rxc2 29. fxe4 Rxf1+ 30. Rxf1 dxe4 31. Be7 h6 32. a3 Rc3 33. h4 gxh4
34. Bxh4 Rxb3 35. Rf7 Ne5 36. Re7 Rxe3 37. Rxb7 Rxa3 38. Nf1 e3 39. Rb8+ Kh7
40. Rb7 Ra1 41. Bg3 Ng4 42. Re7 Kg6 43. Bf4 Bd4 44. Rd7 e2+ 0-1

[Event "FSV-ch 2015"]
[Site "Dortmund"]
[Date "2015.06.18"]
[Round "9.9"]
[White "Wangrin, Stefan A"]
[Black "Reinacher, Detlev"]
[Result "1-0"]
[WhiteElo "1160"]
[BlackElo "1504"]
[Annotator "Schulenburg,Pit"]
[PlyCount "111"]
[EventDate "2015.??.??"]
[WhiteTeam "FSV"]
[BlackTeam "HNS"]

1. c4 Nf6 2. g3 d6 3. Nc3 g6 4. Bg2 Bg7 5. Nf3 c6 6. O-O O-O 7. d4 Nbd7 8. d5
cxd5 9. cxd5 a6 10. a4 b6 11. e4 Bb7 12. Bd2 Rc8 13. Qc1 Nxe4 14. Bh6 Bxd5 15.
Bxg7 Kxg7 16. Qe3 Nxc3 17. bxc3 Nf6 18. Bh3 Rc5 19. Nd2 Qc7 20. Rfc1 e6 21. Bg2
Bxg2 22. Kxg2 Nd5 23. Qd4+ e5 24. Qh4 Nxc3 25. Rxc3 Rxc3 26. Ne4 Qc6 27. Kh3 d5
28. Nxc3 Qxc3 29. Rb1 Qc5 30. Kg2 f5 31. Qg5 h6 32. Qd2 Rc8 33. Qb2 Rc6 34.
Qxe5+ Kf7 35. Qh8 Qf8 36. Qe5 Qd8 37. Qf4 Kg7 38. Qe5+ Kh7 39. Rd1 Rd6 40. h4
d4 41. h5 d3 42. Rd2 Qd7 43. hxg6+ Kxg6 44. Qh8 Qe6 45. Qc3 Qe4+ 46. Kg1 Rc6
47. Qb3 Rc1+ 48. Rd1 Rxd1+ 49. Qxd1 Qd4 50. Qb3 {(=)} Kf6 51. Qg8 Ke5 52. Qg7+
Kd5 53. Qd7+ Ke4 54. Qc6+ Qd5 55. Qxb6 d2 56. Qe3# 1-0

[Event "FSV-ch 2015"]
[Site "Dortmund"]
[Date "2015.06.18"]
[Round "9.10"]
[White "Maffei, Hendrik"]
[Black "Lüpke, Helmut"]
[Result "1-0"]
[WhiteElo "1247"]
[BlackElo "1434"]
[PlyCount "61"]
[EventDate "2015.??.??"]
[WhiteTeam "FSV"]
[BlackTeam "EWA"]

1. Nf3 d5 2. d4 c6 3. c4 Nf6 4. Nc3 Bf5 5. Bf4 dxc4 6. e3 e6 7. Bxc4 Nbd7 8.
O-O Nb6 9. Bd3 Bxd3 10. Qxd3 Bd6 11. Bxd6 Qxd6 12. Rac1 O-O 13. e4 Qe7 14. e5
Nh5 15. Ne4 Nf4 16. Qd2 Nbd5 17. Nc3 h6 18. Nxd5 Nxd5 19. Rfe1 Qd8 20. Re4 Ne7
21. Qd3 Ng6 22. h4 f5 23. exf6 Qxf6 24. Qb3 Nf4 25. Rce1 Rfe8 26. Qe3 Nd5 27.
Qd2 Re7 28. Ne5 h5 29. Qg5 Rf8 30. Nf3 Nf4 31. Rxf4 1-0

[Event "FSV-ch 2015"]
[Site "Dortmund"]
[Date "2015.06.18"]
[Round "9.11"]
[White "Heinz, Hans-Werner"]
[Black "Tautz, Eugen"]
[Result "0-1"]
[WhiteElo "1196"]
[BlackElo "1415"]
[PlyCount "24"]
[EventDate "2015.??.??"]
[WhiteTeam "61722"]
[BlackTeam "FSV"]

1. e4 c5 2. c3 Nc6 3. Nf3 g6 4. d4 cxd4 5. cxd4 Bg7 6. e5 d6 7. Bb5 Bd7 8. O-O
a6 9. Bxc6 Bxc6 10. Re1 dxe5 11. Nxe5 Qd5 12. Nc3 Qxg2# 0-1

[Event "FSV-ch 2015"]
[Site "Dortmund"]
[Date "2015.06.18"]
[Round "9.12"]
[White "Winkler, Harald"]
[Black "Reker, Gerhard"]
[Result "1-0"]
[WhiteElo "1202"]
[BlackElo "848"]
[PlyCount "47"]
[EventDate "2015.??.??"]
[WhiteTeam "FSV"]
[BlackTeam "FSV"]

1. d4 e6 2. g3 Nf6 3. Nf3 Bd6 4. Bg2 O-O 5. c4 c5 6. Nc3 Nc6 7. e3 cxd4 8. exd4
Bb4 9. Bd2 Re8 10. O-O b6 11. Re1 Ba6 12. b3 d5 13. cxd5 Nxd5 14. Nxd5 Qxd5 15.
Bxb4 Rad8 16. Bc3 b5 17. a3 e5 18. Nxe5 Qxg2+ 19. Kxg2 Bb7 20. Kg1 Nxe5 21. Re3
Nf3+ 22. Rxf3 Bxf3 23. Qxf3 Re6 24. Qd3 1-0

[Event "FSV-ch 2015"]
[Site "Dortmund"]
[Date "2015.06.18"]
[Round "9.13"]
[White "Pauli, Helmut"]
[Black "Link, Werner"]
[Result "0-1"]
[WhiteElo "1203"]
[BlackElo "1482"]
[PlyCount "22"]
[EventDate "2015.??.??"]
[WhiteTeam "FSV"]
[BlackTeam "FSV"]

1. d4 d5 2. Nf3 Nf6 3. e3 e6 4. c4 c5 5. cxd5 Nxd5 6. Bb5+ Bd7 7. Bxd7+ Qxd7 8.
O-O Be7 9. Bd2 O-O 10. Ne5 Qc7 11. dxc5 Qxe5 0-1

[Event "FSV-ch 2015"]
[Site "Dortmund"]
[Date "2015.06.18"]
[Round "9.15"]
[White "Wenzel, Jakoba"]
[Black "Schlettig, Achim"]
[Result "1-0"]
[WhiteElo "1166"]
[BlackElo "1202"]
[PlyCount "119"]
[EventDate "2015.??.??"]
[WhiteTeam "FSV"]
[BlackTeam "FSV"]

1. e4 e5 2. f4 d6 3. Bc4 Nf6 4. d3 Nc6 5. f5 g6 6. Qf3 Bd7 7. Bg5 Bg7 8. Nc3 h6
9. Bxf6 Bxf6 10. Nd5 Nd4 11. Qf2 gxf5 12. c3 Nc6 13. Ne2 Bh4 14. g3 Bg5 15. h4
Bf6 16. O-O-O Na5 17. exf5 c6 18. Nxf6+ Qxf6 19. Rhf1 d5 20. Bb3 Nxb3+ 21. axb3
a6 22. g4 O-O-O 23. Kc2 Rhe8 24. Ra1 Qd6 25. Rxa6 bxa6 26. Qb6 Qb8 27. Qxa6+
Qb7 28. Qa5 Kb8 29. Ra1 Rg8 30. Ra4 c5 31. Ra3 Rc8 32. c4 d4 33. b4 Rc6 34. Rb3
Qa6 35. bxc5+ Ka7 36. Qb4 Rcc8 37. Ra3 Rb8 38. Rxa6+ Kxa6 39. Qa3+ Kb7 40. Qa5
Rxg4 41. Qb6+ Kc8 42. Qa6+ Kc7 43. Qd6+ Kc8 44. c6 Bxf5 45. Qf8+ Kc7 46. Qxf7+
Kxc6 47. Qxf5 Rbg8 48. b4 Rg2 49. Qe6+ Kc7 50. Qxe5+ Kc6 51. Kb3 R2g4 52. Nxd4+
Rxd4 53. Qxd4 Rb8 54. Qd5+ Kc7 55. b5 Kb6 56. Kb4 Kc7 57. c5 Rd8 58. b6+ Kc8
59. Qc6+ Kb8 60. Qc7+ 1-0